000 00390nam a22001337a 4500
008 161025b xxu||||| |||| 00| 0 eng d
050 _aL. U39.Y75
245 _aThe Victors
_cEdited by Brigadier Peter Young
260 _aLondon
_bHamlyn
_c1981
300 _a256p. ;
_c30cm.
650 _aHistory, Military
_926951
700 _aYoung, Brigadier, Peter
_eed.
_927004
942 _2lcc
_cMONOGRAPH
999 _c125569
_d125569